000 00746nam a2200241 a 4500
001 979
003 BR-CuiBMT
005 20231124190021.0
008 231124s2016 baba 000 0 por d
020 _a9788544206720
040 _aBR-CuiBMT
_cBR-CuiBMT
080 _22007
_a347.9
090 _a347.9
_bT234c
_c11. ed.
100 1 _aTávora, Nestor
245 1 0 _aCurso de direito processual penal /
_cNestor Távora ; Rosmar Rodrigues Alencar.
250 _a11. ed., rev., ampl. e atual.
260 _aSalvador :
_bJusPodivm,
_c2016.
300 _a1830 p. :
_bil. color. ;
_c24 cm
504 _aInclui bibliografia.
650 _aDireito processual penal
700 1 _aAlencar, Rosmar Antonni Rodrigues Cavalcanti de
_d1974-
942 _2udc
_cLV
999 _c979
_d979